The POLITICAL economy of crisis and underdevelopment in Africa : a selected works of Claude Eleme Ake

Saved in:
Bibliografiske detaljer
Format: Bog
Sprog:engelsk
Udgivet: Third World Publishers 2013
Tags: Tilføj Tag
Ingen Tags, Vær først til at tagge denne postø!

MARC

LEADER 00000nam a22000007a 4500
008 211124b ||||| |||| 00| 0 eng d
020 |a 9789789152605 
245 |a The POLITICAL economy of crisis and underdevelopment in Africa  |b : a selected works of Claude Eleme Ake  |c edited by Julius O. Ihonvbere  |g xxxii,123p. 
250 |c Ihonvbere, Julius O. 
260 |b Third World Publishers  |c 2013  |h Ota, Nigeria  |i 690727  |l HC800.P76  |m Human rights--Africa  |m Economic development  |m Africa--Economic conditions--1960-  |m Africa--Economic policy  |m Africa--Politics and government--1960-  |m Africa--Colonial influence. 
500 |a It includes bibliography and index 
942 |a lcc  |c BK  |e Kuteyi, M. A.  |f 24/11/2021 
952 |0 0  |1 0  |2 lcc  |4 0  |6 HC0800 P76  |7 0  |9 3916  |a HOL  |b HOL  |c GJ  |d 2021-11-24  |l 0  |o HC800.P76  |p 2021-67639  |r 2021-11-24 00:00:00  |w 2021-11-24  |y BK 
999 |c 1956  |d 1956